[Event "Lueneburg op"]
[Site "Lueneburg"]
[Date "2013.07.20"]
[Round "6"]
[White "Ziese, Gerhard"]
[Black "Kuelshammer, Michael"]
[Result "1-0"]
[WhiteElo "1999"]
[BlackElo "1903"]
[PlyCount "85"]
[EventDate "2013.07.15"]
[EventType "swiss"]
[EventRounds "7"]
[EventCountry "GER"]
[SourceTitle "CBM 155 Extra"]
[Source "ChessBase"]
[SourceDate "2013.08.26"]
[SourceVersion "1"]
[SourceVersionDate "2013.08.26"]
[SourceQuality "1"]

1. d4 g6 2. c4 Bg7 3. Nf3 d6 4. Nc3 Nd7 5. e4 e5 6. Be3 Nh6 7. Be2 0-0 8. 0-0 f6 9. b4 a5 10. a3 axb4 11. axb4 Rxa1 12. Qxa1 c6 13. d5 Nf7 14. c5 cxd5 15. Nxd5 dxc5 16. bxc5 f5 17. Qc3 fxe4 18. Nd2 Nf6 19. Nxf6+ Bxf6 20. Nxe4 Bg7 21. Rd1 Qc7 22. Bc4 Kh8 23. Qb3 Nd8 24. Nd6 h6 25. h3 Nc6 26. Nb5 Qe7 27. Bd5 Nd4 28. Qc4 Qh4 29. Nxd4 exd4 30. Bxd4 Bxd4 31. Qxd4+ Qxd4 32. Rxd4 Rd8 33. Rd1 Be6 34. Bf3 Rxd1+ 35. Bxd1 Bd5 36. f4 Kg7 37. Kf2 Kf6 38. g3 Ke6 39. Bg4+ Kf6 40. Ke3 h5 41. Bf3 Bc6 42. Bxc6 bxc6 43. Ke4 1-0

[Event "Dortmund op-A"]
[Site "Dortmund"]
[Date "2004.07.31"]
[Round "9"]
[White "Marganiec, Wolfgang"]
[Black "Kuelshammer, Michael"]
[Result "1/2-1/2"]
[WhiteElo "1750"]
[BlackElo "1749"]
[PlyCount "44"]
[EventDate "2004.07.??"]
[EventType "swiss"]
[EventRounds "9"]
[EventCountry "GER"]
[SourceTitle "EXT 2006"]
[Source "ChessBase"]
[SourceDate "2005.11.24"]
[SourceVersion "1"]
[SourceVersionDate "2005.11.24"]
[SourceQuality "1"]

1. e4 g6 2. d4 Bg7 3. Nc3 c6 4. Bc4 d6 5. Be3 e6 6. Nf3 Nd7 7. 0-0 Ngf6 8. Qd2 0-0 9. Bh6 e5 10. Bxg7 Kxg7 11. dxe5 dxe5 12. Rad1 Qe7 13. Qd6 Qxd6 14. Rxd6 Ne8 15. Rd2 f6 16. Rfd1 Nb6 17. Be2 Be6 18. b3 Kf7 19. Na4 Nxa4 20. bxa4 Ke7 21. c4 c5 22. Rb1 Nd6 1/2-1/2

[Event "Dortmund op-A"]
[Site "Dortmund"]
[Date "2004.07.24"]
[Round "2"]
[White "Mueller, Reinhold"]
[Black "Kuelshammer, Michael"]
[Result "1-0"]
[WhiteElo "2074"]
[BlackElo "1749"]
[PlyCount "71"]
[EventDate "2004.07.??"]
[EventType "swiss"]
[EventRounds "9"]
[EventCountry "GER"]
[SourceTitle "EXT 2006"]
[Source "ChessBase"]
[SourceDate "2005.11.24"]
[SourceVersion "1"]
[SourceVersionDate "2005.11.24"]
[SourceQuality "1"]

1. d4 g6 2. c4 Bg7 3. Nc3 d6 4. e4 e5 5. d5 Nd7 6. Be2 Ne7 7. Be3 f5 8. f3 Nf6 9. Bd3 0-0 10. Nge2 Kh8 11. Qd2 f4 12. Bf2 g5 13. g4 Kg8 14. h4 h6 15. 0-0-0 Bd7 16. Ng1 Kf7 17. hxg5 hxg5 18. Nh3 Kg6 19. Rh2 Rh8 20. Rdh1 a6 21. Be1 b5 22. Qf2 bxc4 23. Bc2 Qb8 24. Nxg5 Kxg5 25. Rxh8 Bxh8 26. Qh4+ Kg6 27. g5 Kf7 28. gxf6 Bxf6 29. Qh7+ Bg7 30. Qh5+ Kg8 31. Rg1 Qf8 32. Bh4 Re8 33. Qh6 Kf7 34. Qh5+ Kg8 35. Ba4 Bxa4 36. Qh6 1-0

[Event "Wilhelm Werner Memorial-H 29th"]
[Site "Bockenem"]
[Date "2004.05.23"]
[Round "7"]
[White "Kobs, Stephan"]
[Black "Kuelshammer, Michael"]
[Result "1-0"]
[WhiteElo "1924"]
[BlackElo "1738"]
[PlyCount "35"]
[EventDate "2004.05.??"]
[EventType "swiss"]
[EventRounds "7"]
[EventCountry "GER"]
[SourceTitle "EXT 2008"]
[Source "ChessBase"]
[SourceDate "2007.11.25"]
[SourceVersion "1"]
[SourceVersionDate "2007.11.25"]
[SourceQuality "1"]

1. e4 g6 2. d4 Bg7 3. Nc3 c6 4. Be3 d5 5. Qd2 dxe4 6. Nxe4 Nd7 7. Nf3 Ngf6 8. Nxf6+ Nxf6 9. Bh6 Ne4 10. Qe3 Bxh6 11. Qxh6 Qa5+ 12. c3 Qb6 13. Bd3 Qxb2 14. 0-0 Nxf2 15. Qg7 Rf8 16. Ng5 Be6 17. Nxe6 fxe6 18. Qxf8+ 1-0